000 00786nam a2200229 i 4500
001 186985
003 ES-MaACL
005 20230906222805.0
008 170321s1976 sp |||| |aspa d
020 _a84-330-0354-2
080 _a929 Jardiel Poncela, Eva
100 1 _aJardiel Poncela, Eva.
_966115
245 1 0 _aDios dentro /
_cEva Jardiel Poncela ; presentación de José María González Ruiz.
260 _aBilbao :
_bDesclée de Brouwer,
_c[1976]
300 _a212 p. ;
_c21 x 11 cm.
490 1 _aEl credo que ha dado sentido a mi vida ;
_v15
600 1 4 _aJardiel Poncela, Eva.
_966115
700 1 _aGonzález Ruiz, José María.
_958943
830 0 _aEl credo que ha dado sentido a mi vida ;
_v15
_9192733
852 _aES-MaACL
_jL-31303
999 _c186985
_d186985